Estampas contemporáneas / (Record no. 10590)

MARC details
000 -LEADER
campo de control de longitud fija 00813nam a22002535i 4500
001 - NÚMERO DE CONTROL
campo de control 10590
003 - IDENTIFICADOR DE NÚMERO DE CONTROL
campo de control ES-MaACL
005 - FECHA Y HORA DE LA ÚLTIMA TRANSACCIÓN
campo de control 20231226200702.0
007 - CAMPO FIJO DE DESCRIPCIÓN FÍSICA--INFORMACIÓN GENERAL
campo de control de longitud fija t|
008 - DATOS DE LONGITUD FIJA--INFORMACIÓN GENERAL
campo de control de longitud fija 941207s1994 sp ||||0| spa j
020 ## - NÚMERO INTERNACIONAL ESTÁNDAR DEL LIBRO
Número Internacional Estándar del Libro 84-451-0830-1
040 ## - FUENTE DE CATALOGACIÓN
Centro catalogador/agencia de origen M-BN
Lengua de catalogación spa
Centro/agencia transcriptor M-BN
080 ## - NÚMERO DE LA CLASIFICACIÓN DECIMAL UNIVERSAL
Número de la Clasificación Decimal Universal 860-23"19"
100 1# - ENTRADA PRINCIPAL--NOMBRE DE PERSONA
Nombre de persona Olmo, Lauro,
Fechas asociadas al nombre 1922-1994
9 (RLIN) 86974
245 10 - MENCIÓN DEL TÍTULO
Título Estampas contemporáneas /
Mención de responsabilidad, etc. Lauro Olmo ; prólogo de Angel Berenguer.
250 ## - MENCION DE EDICION
Mención de edición 1ª ed.
260 ## - PUBLICACIÓN, DISTRIBUCIÓN, ETC.
Lugar de publicación, distribución, etc. Madrid :
Nombre del editor, distribuidor, etc. Asociación de Autores de Teatro :
-- Consejería de Educación y Cultura,
Fecha de publicación, distribución, etc. 1994.
300 ## - DESCRIPCIÓN FÍSICA
Extensión 136 p ;
Dimensiones 22 cm.
490 1# - MENCIÓN DE SERIE
Mención de serie Damos la palabra ;
Designación de volumen o secuencia 1
710 2# - ENTRADA AGREGADA--NOMBRE DE ENTIDAD CORPORATIVA
Nombre de entidad corporativa o nombre de jurisdicción como elemento de entrada Asociación de Autores de Teatro.
9 (RLIN) 1565
830 0# - PUNTO DE ACCESO ADICIONAL DE SERIE-TÍTULO UNIFORME
Título uniforme Damos la palabra ;
Designación de volumen o secuencia 1
9 (RLIN) 183268
852 ## - LOCALIZACIÓN
Ubicación ES-MaACL
Número de control de estantería L-18025
Sublocalización o colección R.124311
Holdings
Estatus retirado Estado de pérdida Estado de daño No para préstamo Biblioteca de origen Biblioteca actual Ubicación en estantería Fecha de adquisición Fuente de adquisición Total de préstamos Signatura topográfica completa Código de barras Visto por última vez Precio de reemplazo Tipo de ítem Koha
        Biblioteca del Ateneo de Madrid Biblioteca del Ateneo de Madrid Depósito 2 17/01/2008     L-18025 1010801 23/02/2023 23/02/2023 Libro impreso